Advances in microbiology of the sea
Gespeichert in:
| Hauptverfasser: | , |
|---|---|
| Format: | Buch |
| Sprache: | Englisch |
| Veröffentlicht: |
Londres
Academic Press
1968
|
| Schlagworte: | |
| Tags: |
Tag hinzufügen
Keine Tags, Fügen Sie den ersten Tag hinzu!
|
MARC
| LEADER | 00000nam a2200000 a 4500 | ||
|---|---|---|---|
| 001 | UCG2042 | ||
| 003 | CL-VaPUC | ||
| 008 | 100610e19680000UK |||||||||||||||||eng|d | ||
| 082 | 0 | 4 | |a 576 |b DRO |2 21 |
| 100 | 0 | |a Droop, M. R |e author |9 550246 | |
| 700 | 0 | |a Wood, E. J. Ferguson |e author |9 550247 | |
| 245 | 1 | 0 | |a Advances in microbiology of the sea |
| 300 | |a v | ||
| 942 | |c BK | ||
| 945 | |d 20100610 00:00:00 |a dcastane | ||
| 260 | |a Londres |b Academic Press |c 1968 | ||
| 650 | 7 | |a MICROBIOLOGIA MARINA |2 CL-VaPUC |9 550248 | |
| 650 | 0 | |a Bacterias |9 298237 | |
| 583 | |a last modification |c 20141217 03:52:04 |k Rodrigo Vera | ||
| 999 | |c 341284 |d 341282 | ||